Southville International School and Colleges
Your cart is empty.
  • Cart
  • Lists
    Public lists Eva Luna New books Lux_list list_1
    Your lists Log in to create your own lists
  • Log in to your account
  • Your cookies
  • Search history
Southville International School and Colleges
  • Advanced search
  • Recent comments
  • Most popular
  • Libraries

Log in to your account

Log in with GOOGLE


If you do not have an external account, but do have a local account, you can still log in:

  1. Home
  2. MARC view: The Evaluation of variable methods of the production of hydrogen through the electrolysis of water /
Normal view MARC view ISBD view

The Evaluation of variable methods of the production of hydrogen through the electrolysis of water / (Record no. 99082)

[ view plain ]
MARC details
000 -LEADER
fixed length control field 00843nam a2200217 a 4500
003 - CONTROL NUMBER IDENTIFIER
control field 0
005 - DATE AND TIME OF LATEST TRANSACTION
control field 20250201095817.0
008 - FIXED-LENGTH DATA ELEMENTS--GENERAL INFORMATION
fixed length control field 130901s19uu xx 00 eng d
050 ## - LIBRARY OF CONGRESS CALL NUMBER
Classification number PGS TJ 163.25
Item number .G984 2013
100 ## - MAIN ENTRY--PERSONAL NAME
Personal name Gutierrez, Arielle Neena R.
245 ## - TITLE STATEMENT
Title The Evaluation of variable methods of the production of hydrogen through the electrolysis of water /
Statement of responsibility, etc Arielle Neena R. Gutierrez.
260 ## - PUBLICATION, DISTRIBUTION, ETC. (IMPRINT)
Place of publication, distribution, etc Las Piñas City, Philippines :
Name of publisher, distributor, etc Southville International School and Colleges,
Date of publication, distribution, etc 2013.
300 ## - PHYSICAL DESCRIPTION
Extent 87 p. :
Other physical details ill. ;
Dimensions 28 cm.
504 ## - BIBLIOGRAPHY, ETC. NOTE
Bibliography, etc Includes bibliographical references.
650 ## - SUBJECT ADDED ENTRY--TOPICAL TERM
Topical term or geographic name as entry element Electrolysis of water.
650 ## - SUBJECT ADDED ENTRY--TOPICAL TERM
Topical term or geographic name as entry element Hydrogen
Form subdivision Production.
650 ## - SUBJECT ADDED ENTRY--TOPICAL TERM
Topical term or geographic name as entry element Hydrogen
Form subdivision Electrochemical production.
650 ## - SUBJECT ADDED ENTRY--TOPICAL TERM
Topical term or geographic name as entry element Electrochemical cells
Form subdivision Design and construction.
650 ## - SUBJECT ADDED ENTRY--TOPICAL TERM
Topical term or geographic name as entry element Electrochemical methods.
942 ## - ADDED ENTRY ELEMENTS (KOHA)
Source of classification or shelving scheme Library of Congress Classification
Koha item type PASS
Holdings
Withdrawn status Lost status Source of classification or shelving scheme Damaged status Home library Current library Shelving location Date acquired Source of acquisition Total Checkouts Full call number Barcode Date last seen Price effective from Koha item type
    Library of Congress Classification   Luxembourg Library Luxembourg Library Portfolio Assessment of SISC Students Section 09/01/2013 Donation   PGS TJ 163.25 .G984 2013 P3183 04/08/2014 04/08/2014 PASS

The Evaluation of variable methods of the production of hydrogen through the electrolysis of water /

APA

Gutierrez A. N. R., . (2013). The Evaluation of variable methods of the production of hydrogen through the electrolysis of water. Las Piñas City, Philippines: Southville International School and Colleges.

Chicago

Gutierrez Arielle Neena R, . 2013. The Evaluation of variable methods of the production of hydrogen through the electrolysis of water. Las Piñas City, Philippines: Southville International School and Colleges.

Harvard

Gutierrez A. N. R., . (2013). The Evaluation of variable methods of the production of hydrogen through the electrolysis of water. Las Piñas City, Philippines: Southville International School and Colleges.

MLA

Gutierrez Arielle Neena R, . The Evaluation of variable methods of the production of hydrogen through the electrolysis of water. Las Piñas City, Philippines: Southville International School and Colleges. 2013.

  • Print
  • Cite
  • Add to your cart (remove)
  • Save record
    BIBTEX Dublin Core MARCXML MARC (non-Unicode/MARC-8) MARC (Unicode/UTF-8) MARC (Unicode/UTF-8, Standard) MODS (XML) RIS
  • More searches
    Search for this title in:
    Other Libraries (WorldCat) Other Databases (Google Scholar) Online Stores (Bookfinder.com) Open Library (openlibrary.org)

Exporting to Dublin Core...

SOUTHVILLE LIBRARY

Southville International School and Colleges Library

1281 Tropical Ave. Cor. Luxembourg St., BF Homes International, Las Pinas City

Tel. No. 8256374 / 252358 Loc. 117/146

Powered by Koha